| 000 | 00385nam a22001217a 4500 | ||
|---|---|---|---|
| 082 | _a220 PRO | ||
| 100 |
_aHassan Ali Haris Zia M. Usman Ali Aamir Sohail _972927 |
||
| 245 | _aPR-SOF-1866-Cholistan Rally Arena Online | ||
| 260 |
_aISLAMABAD _bNUST COLLEGE OF EME _c2020 |
||
| 650 |
_a DE-COMP-38 _972928 |
||
| 700 |
_aSupervisors Dr. Ahsan Shehzad Dr. Wasi Haider _972929 |
||
| 942 | _cCR | ||
| 999 |
_c578883 _d578883 |
||